000
00198 a2200097 4500
001
5143
100
_a
Hallows,RW
245
_a
Atoms & atomic energy
260
_a
_b
Chapman
_c
090
_c
4277
_d
4277
942
_a
NUST-CAE
_c
M
_c
30575
999
_c
240216
_d
240216